000 00668nam a2200145 a 4500
008 130307s2012 ||||||||||||||||| || u
050 _aTHESIS/ MBA
100 _aZulu, Aaron Yobe
245 1 3 _aAn assessment of the secondary market for government bonds: a case study of Zambia
_cby Aaron Yobe Zulu
260 _aKitwe:
_bCopperbelt University, School of Business, Department of Postgraduate studies
_c2012
300 _axi, various pagings.: ill.
500 _aBibliography
650 _aGOVERNMENT BONDS--SECONDARY MARKETS--ZAMBIA
995 _FCBU-MAIN LIBRARY (Kitwe)
_M1
_UAVAILABLE
_WMar 7, 2013
_ZUniversity Collection
999 _c35162
_d35162